[Event "Xtracon Chess Open 2019"]
[Site "Helsingor DEN"]
[Date "2019.07.22"]
[Round "4.99"]
[White "Schweitzer, Werner"]
[Black "Masotti, Roberto"]
[Result "1-0"]
[WhiteElo "2072"]
[BlackElo "1814"]
[WhiteFideId "1622927"]
[BlackFideId "815071"]
[EventDate "2019.07.20"]

1. Nc3 c5 2. e4 a6 3. g3 b5 4. Bg2 Bb7 5. d3 e6 6. Nge2 Nf6 7. O-O d6 8. a4 b4
9. Nb1 Nc6 10. b3 Be7 11. Bb2 O-O 12. Nd2 Nd7 13. Nc4 Na5 14. Ne3 Bf6 15. d4
cxd4 16. Bxd4 Nc5 17. Bxf6 gxf6 18. Nd4 Nc6 19. Qg4+ Kh8 20. Rad1 Ne5 21. Qh4
Ng6 22. Qh6 Bxe4 23. f3 Bb7 24. h4 Rg8 25. Nc4 d5 26. Ne2 Qc7 27. Ne3 f5 28. h5
Qe5 29. hxg6 Rxg6 30. Qf4 Qg7 31. Kf2 Rc8 32. Qxb4 f4 33. Nxf4 Rg5 34. Ne2 a5
35. Qh4 Ba6 36. g4 f5 37. f4 Rg6 38. g5 Bxe2 1-0

[Event "Xtracon Chess Open 2019"]
[Site "Helsingor DEN"]
[Date "2019.07.22"]
[Round "4.100"]
[White "Hansen, Aksel"]
[Black "Pekin, Tolgay"]
[Result "0-1"]
[WhiteElo "1790"]
[BlackElo "2070"]
[WhiteFideId "1412213"]
[BlackFideId "6305440"]
[EventDate "2019.07.20"]

1. e4 c5 2. Nf3 Nc6 3. d4 cxd4 4. Nxd4 Nf6 5. Nxc6 bxc6 6. Bd3 e5 7. O-O Be7 8.
b3 O-O 9. Bb2 Qc7 10. c4 d6 11. Nc3 Be6 12. Qc2 Nd7 13. Na4 g6 14. Bc1 f5 15.
Bh6 Rf7 16. exf5 gxf5 17. f3 Kh8 18. Bc1 Rg8 19. Rd1 Rfg7 20. Rd2 Bg5 21. Re2
Bxc1 22. Rxc1 Rf7 23. Rce1 Qd8 24. Qd2 Qh4 25. Rf1 Rf6 26. g3 f4 27. Be4 fxg3
28. Bxc6 Rfg6 29. Bxd7 gxh2+ 30. Kh1 Rg1+ 31. Rxg1 Rxg1# 0-1

[Event "Xtracon Chess Open 2019"]
[Site "Helsingor DEN"]
[Date "2019.07.22"]
[Round "4.101"]
[White "Gregor, Bjarke"]
[Black "Hansen, Tommy"]
[Result "1-0"]
[WhiteElo "2064"]
[BlackElo "1799"]
[WhiteFideId "1423401"]
[BlackFideId "1511009"]
[EventDate "2019.07.20"]

1. e4 d5 2. exd5 Nf6 3. d4 Bg4 4. Nf3 Qxd5 5. Be2 Nc6 6. c4 Qf5 7. Be3 e6 8. Nc3
Nb4 9. O-O Nc2 10. Rc1 Nxe3 11. Qa4+ c6 12. fxe3 Bd6 13. Ne5 Qg5 14. Nxg4 Nxg4
15. Bxg4 Qxg4 16. Rf3 O-O 17. Qc2 Rad8 18. Ne4 Be7 19. Rg3 Qh5 20. Rf1 f5 21.
Rh3 Qg4 22. Nf2 Qg5 23. c5 Rf6 24. Qb3 Rd7 25. Nd3 Rh6 26. Rxh6 Qxe3+ 27. Kh1
Qxh6 28. Nf4 Rxd4 29. Nxe6 Rd5 30. Nf4 Qf6 31. Nxd5 cxd5 32. Qxd5+ Kh8 33. Qxf5
Bxc5 34. Qc8+ 1-0

[Event "Xtracon Chess Open 2019"]
[Site "Helsingor DEN"]
[Date "2019.07.22"]
[Round "4.102"]
[White "Larsen, Ulrik"]
[Black "Markussen, Bernt Olav"]
[Result "1-0"]
[WhiteElo "2039"]
[BlackElo "1761"]
[WhiteFideId "1441167"]
[BlackFideId "1538845"]
[EventDate "2019.07.20"]

1. e4 e6 2. d4 d5 3. Nd2 c5 4. Ngf3 Nc6 5. exd5 exd5 6. Bb5 Qb6 7. Qe2+ Be7 8.
dxc5 Qxc5 9. Nb3 Qb4+ 10. Bd2 Qe4 11. Be3 Bg4 12. O-O-O Nf6 13. h3 Bxf3 14. gxf3
Qe6 15. Nd4 Qd7 16. Rhg1 g6 17. Bh6 Rg8 18. Rge1 Rc8 19. Bg5 Kf8 20. Bh6+ Ke8
21. Bg5 Kf8 22. Qxe7+ Nxe7 23. Bxd7 Nxd7 24. Rxe7 Rd8 25. Rde1 f6 26. Bh6+ 1-0

[Event "Xtracon Chess Open 2019"]
[Site "Helsingor DEN"]
[Date "2019.07.22"]
[Round "4.103"]
[White "Kleimark, Anders"]
[Black "Tolba, Henri"]
[Result "0-1"]
[WhiteElo "2032"]
[BlackElo "1752"]
[WhiteFideId "1709968"]
[BlackFideId "1418246"]
[EventDate "2019.07.20"]

1. d4 Nf6 2. c4 e6 3. g3 d5 4. Nf3 Be7 5. Bg2 O-O 6. O-O b6 7. Qc2 Bb7 8. cxd5
exd5 9. Ne5 c6 10. Bf4 Nfd7 11. Nd3 Nf6 12. Nc3 Na6 13. a3 Nc7 14. Bxc7 Qxc7 15.
Nxd5 Nxd5 16. Bxd5 Qd6 17. Be4 Qxd4 18. Nf4 g6 19. Rad1 Qf6 20. Rd7 Rab8 21. Qa4
a5 22. Rfd1 Rfd8 23. Qb3 Ba8 24. R1d3 Rxd7 25. Rxd7 Bd6 26. Nd3 h5 27. Ne1 Bc5
28. Nf3 h4 29. Qc4 h3 30. Bb1 Rd8 31. Rxd8+ Qxd8 32. Bd3 Qf6 33. Qc2 Bb7 34. Bc4
Bc8 35. Qe4 Be6 36. Bxe6 Qxe6 37. Qxe6 fxe6 38. e3 Kg7 39. Ne5 Bd6 40. Nxc6 e5
41. f4 exf4 42. gxf4 Kf6 43. Nd4 g5 44. fxg5+ Kxg5 45. Nb5 Be5 46. b3 Kf5 47.
Na7 Ke4 48. Nc8 Bc7 49. Ne7 b5 50. a4 b4 51. Kh1 Bb6 52. Kg1 Bxe3+ 53. Kh1 Bf4
54. Nc6 Bc7 55. Ne7 Kd3 56. Nd5 Bd6 57. Nb6 Kc2 58. Nc4 Bc7 59. Ne3+ Kxb3 60.
Nd5 Bd8 61. Nb6 Kc2 62. Nc4 b3 63. Na3+ Kc1 64. Nc4 b2 65. Nxb2 Kxb2 66. Kg1 Bc7
67. Kh1 Kb3 68. Kg1 Kxa4 69. Kf2 Bxh2 70. Kf1 Kb3 71. Kf2 a4 0-1

[Event "Xtracon Chess Open 2019"]
[Site "Helsingor DEN"]
[Date "2019.07.22"]
[Round "4.104"]
[White "Mardell, Jonas"]
[Black "Wahlgreen, Noah"]
[Result "1-0"]
[WhiteElo "2024"]
[BlackElo "1743"]
[WhiteFideId "1705636"]
[BlackFideId "1457349"]
[EventDate "2019.07.20"]

1. e4 c6 2. Nc3 d5 3. Qf3 dxe4 4. Nxe4 Nf6 5. Bc4 Qd4 6. Nxf6+ Qxf6 7. Qb3 e6 8.
Nf3 Bc5 9. c3 O-O 10. d4 Bd6 11. Bg5 Qg6 12. h4 h6 13. Be3 Qxg2 14. Ke2 Qg6 15.
Rag1 Qh5 16. Rg2 Re8 17. Rhg1 Bf8 18. Bd3 e5 19. Bg6 Be6 20. Bxh5 Bxb3 21. axb3
exd4 22. cxd4 Nd7 23. Nh2 Nf6 24. Bf3 Nd5 25. Bxd5 cxd5 26. Ng4 Kh7 27. Kd3 Re4
28. h5 f6 29. f3 Re6 30. Bf4 Rc8 31. Ne3 Rb6 32. Rc2 Rxb3+ 33. Rc3 Rcxc3+ 34.
bxc3 Rb5 35. Nf5 Rb6 36. Ra1 a6 37. Ra5 g6 38. hxg6+ Kxg6 39. Rxd5 Re6 40. Nh4+
Kf7 41. Rd7+ Re7 42. Rxe7+ Kxe7 43. Ng6+ 1-0

[Event "Xtracon Chess Open 2019"]
[Site "Helsingor DEN"]
[Date "2019.07.22"]
[Round "4.105"]
[White "Mansoor, Afras"]
[Black "Gregersen, Hedin"]
[Result "1-0"]
[WhiteElo "1991"]
[BlackElo "1728"]
[WhiteFideId "1522108"]
[BlackFideId "7200226"]
[EventDate "2019.07.20"]

1. e4 d6 2. d4 Nf6 3. Nc3 g6 4. f3 Bg7 5. Be3 c6 6. Qd2 b5 7. g4 h5 8. g5 Nfd7
9. f4 Nb6 10. b3 b4 11. Nce2 Bb7 12. Qxb4 c5 13. Qb5+ N8d7 14. Bg2 Qc8 15. Qd3
cxd4 16. Bxd4 Nc5 17. Qe3 O-O 18. Bxg7 Kxg7 19. Nc3 f5 20. gxf6+ exf6 21. Nge2
Qe6 22. O-O-O Nxe4 23. Nd4 1-0

[Event "Xtracon Chess Open 2019"]
[Site "Helsingor DEN"]
[Date "2019.07.22"]
[Round "4.106"]
[White "Strachan, Christian C."]
[Black "Henningsen, Lasse"]
[Result "0-1"]
[WhiteElo "1727"]
[BlackElo "1963"]
[WhiteFideId "1417215"]
[BlackFideId "1425315"]
[EventDate "2019.07.20"]

1. c4 e6 2. Nc3 Nf6 3. e4 d6 4. Nf3 Be7 5. Be2 O-O 6. b3 Nbd7 7. Bb2 e5 8. O-O
Re8 9. Qc2 Nf8 10. d4 exd4 11. Nxd4 Ng6 12. Rad1 c6 13. Qd2 Bf8 14. Bd3 d5 15.
exd5 cxd5 16. cxd5 Nxd5 17. Nxd5 Qxd5 18. Nb5 Qh5 19. Bxg6 Qxg6 20. Nc7 Bh3 21.
Qd5 Re4 22. g3 Rc8 23. f3 Re2 24. Be5 Rxe5 25. Qxe5 Qc2 0-1

[Event "Xtracon Chess Open 2019"]
[Site "Helsingor DEN"]
[Date "2019.07.22"]
[Round "4.107"]
[White "Heinsohn, Michael"]
[Black "Bohlin, Jan"]
[Result "1-0"]
[WhiteElo "1959"]
[BlackElo "1724"]
[WhiteFideId "4665546"]
[BlackFideId "1758616"]
[EventDate "2019.07.20"]

1. d4 Nf6 2. c4 e6 3. g3 d5 4. Nf3 Be7 5. Bg2 O-O 6. O-O dxc4 7. Qc2 a6 8. Qxc4
b5 9. Qc2 Bb7 10. Bd2 Be4 11. Qc1 c6 12. Rd1 Nbd7 13. Nc3 Bg6 14. Bf4 Rc8 15.
Ne5 Nxe5 16. dxe5 Nd5 17. e4 Nxc3 18. Qxc3 Qc7 19. Rd2 c5 20. Rc1 c4 21. Rdc2
Qb7 22. Qe3 Rfd8 23. Qe2 h6 24. h4 Rd4 25. f3 Rdd8 26. Kh2 Bc5 27. Be3 Bxe3 28.
Qxe3 Rd3 29. Qxd3 cxd3 30. Rxc8+ Kh7 31. Rd8 Qb6 32. Rcc8 1-0

[Event "Xtracon Chess Open 2019"]
[Site "Helsingor DEN"]
[Date "2019.07.22"]
[Round "4.108"]
[White "Svane, Freja"]
[Black "Jarlnaes, Erik"]
[Result "0-1"]
[WhiteElo "1600"]
[BlackElo "1959"]
[WhiteFideId "12940100"]
[BlackFideId "1414623"]
[EventDate "2019.07.20"]

1. d4 Nf6 2. c4 e6 3. Nc3 Bb4 4. Qc2 d5 5. e3 c5 6. Nf3 O-O 7. Bd2 Nc6 8. Bd3
dxc4 9. Bxc4 cxd4 10. Nd1 Bxd2+ 11. Qxd2 dxe3 12. Qxe3 Nb4 13. Qb3 Nbd5 14. O-O
b6 15. Nc3 Nxc3 16. Qxc3 Bb7 17. Rfd1 Qc7 18. Nd4 Rac8 19. Rac1 Ng4 20. Qg3 Qxg3
21. hxg3 a6 22. Be2 Nf6 23. Bf3 Nd5 24. Ne2 Rxc1 25. Rxc1 Rc8 26. a3 Kf8 27. Kf1
Ke7 28. Nc3 Rc5 29. b4 Rxc3 30. Rxc3 Nxc3 31. Bxb7 a5 32. bxa5 bxa5 33. Bc6 Kd6
34. Be8 f6 35. Ke1 Kc5 36. Bf7 e5 37. Bg8 h6 38. Bb3 Nb5 39. a4 Nc3 40. Kd2 Kb4
41. Bc2 Nxa4 42. Kd3 Nc5+ 43. Ke3 Kc3 0-1

[Event "Xtracon Chess Open 2019"]
[Site "Helsingor DEN"]
[Date "2019.07.22"]
[Round "4.109"]
[White "Taksrud, Vidar"]
[Black "Nergard, Ole-Kristian"]
[Result "1-0"]
[WhiteElo "1942"]
[BlackElo "1505"]
[WhiteFideId "1502158"]
[BlackFideId "1543156"]
[EventDate "2019.07.20"]

1. Nf3 c5 2. c4 Nf6 3. Nc3 g6 4. d4 b6 5. e4 cxd4 6. Nxd4 Nc6 7. Be3 Nxd4 8.
Bxd4 Bg7 9. Be2 O-O 10. e5 Ne8 11. Bf3 Rb8 12. O-O Bb7 13. Bxb7 Rxb7 14. Nd5 d6
15. exd6 Qxd6 16. Bxg7 Nxg7 17. Qf3 Kh8 18. Rad1 Qc6 19. Rfe1 e6 20. Qf6 Qxc4
21. Rxe6 Rd7 22. Rd6 Rxd6 23. Qxd6 Ne6 24. Qe5+ Ng7 25. Qe7 Qc5 26. Qxa7 Qc2 27.
Ne3 Qxb2 28. Qe7 Kg8 29. Rd8 Qc1+ 30. Nf1 Ne6 31. Rxf8+ Nxf8 32. a4 Qb2 33. g3
Ne6 34. Qe8+ Kg7 35. h4 Nc5 36. Ne3 Qa1+ 37. Kg2 Nxa4 38. Nc4 h5 39. Ne5 Qa2 40.
Nf3 Qc4 41. Qe5+ Kg8 42. Qe8+ Kg7 43. Ng5 Qd5+ 44. Kh2 Nc3 45. Qe3 Qc5 46. Qf3
Qc4 47. Nxf7 Qxf7 48. Qxc3+ Qf6 49. Qc7+ Kf8 50. Kg2 Ke8 51. Qc4 Kd7 52. Kf1 Qe6
53. Qd3+ Kc6 54. Qc3+ Kd5 55. Qd3+ Ke5 56. f4+ Kf6 57. Qc3+ Kf5 58. Qd3+ Kg4 59.
Kg2 Qc6+ 60. Kh2 b5 61. Qd1+ Kf5 62. Kh3 Ke6 63. g4 Qc3+ 64. Kh2 b4 65. Qe2+ Kd5
66. gxh5 b3 67. hxg6 b2 68. Qg2+ Kc5 69. g7 b1=Q 70. g8=Q Qf5 71. Q8g4 1-0

[Event "Xtracon Chess Open 2019"]
[Site "Helsingor DEN"]
[Date "2019.07.22"]
[Round "4.110"]
[White "Overmark, Ole"]
[Black "Kunz, Andre"]
[Result "0-1"]
[WhiteElo "1765"]
[BlackElo "2163"]
[WhiteFideId "1410776"]
[BlackFideId "24623652"]
[EventDate "2019.07.20"]

1. e4 c6 2. c4 d5 3. cxd5 cxd5 4. exd5 Nf6 5. d4 Nxd5 6. Nc3 Nc6 7. Bb5 Nxc3 8.
Bxc6+ bxc6 9. bxc3 Qd5 10. f3 Ba6 11. Ne2 e6 12. Kf2 Bd6 13. Bf4 Bxe2 14. Qxe2
Bxf4 15. g3 Bc7 16. Rhe1 O-O 17. Qc2 c5 18. Re4 cxd4 19. cxd4 Bb6 20. Rd1 Rac8
21. Qb1 e5 22. Kg2 exd4 0-1

[Event "Xtracon Chess Open 2019"]
[Site "Helsingor DEN"]
[Date "2019.07.22"]
[Round "4.111"]
[White "Madsen, Michael B."]
[Black "Sjol, Henrik"]
[Result "1/2-1/2"]
[WhiteElo "2133"]
[BlackElo "1755"]
[WhiteFideId "1413031"]
[BlackFideId "1505629"]
[EventDate "2019.07.20"]

1. d4 d5 2. c4 dxc4 3. e3 a6 4. Bxc4 e6 5. Nf3 c5 6. O-O Nf6 7. Be2 Nc6 8. dxc5
Qxd1 9. Rxd1 Bxc5 10. b3 b5 11. Bb2 Bb7 12. Nbd2 O-O 13. a4 bxa4 14. Rxa4 Rfd8
15. Rc1 Bf8 16. Bxa6 Rxa6 17. Rxa6 Bxa6 18. Rxc6 Ne4 19. Nf1 Be2 20. Nd4 Bd1 21.
Rc1 Bh5 22. f3 Nc5 23. Bc3 e5 24. Nc6 Ra8 25. b4 Nd3 26. Rb1 f6 27. e4 Rc8 28.
Rd1 Nf4 29. Bxe5 fxe5 30. b5 Be8 31. Nxe5 Bxb5 32. g3 Ne2+ 33. Kh1 Rc1 34. Rxc1
Nxc1 35. Ne3 Nd3 36. Nxd3 Bxd3 37. Kg2 Kf7 38. Nd5 Bb1 39. Nf4 Bd6 40. Nd5 Ba2
41. Ne3 Bc5 42. Ng4 Bd4 43. h4 Bb1 44. h5 Bd3 45. h6 g5 46. Kh2 Ba6 47. e5 Kg6
48. f4 gxf4 49. gxf4 Bc8 50. Kg3 Bb6 51. Nf6 Kxh6 52. Ne8 Be6 53. Nd6 Kg6 54.
f5+ Bxf5 55. Nxf5 Kxf5 56. Kh2 1/2-1/2

[Event "Xtracon Chess Open 2019"]
[Site "Helsingor DEN"]
[Date "2019.07.22"]
[Round "4.112"]
[White "Lilja, Richard"]
[Black "Petersen, Rasmus"]
[Result "1-0"]
[WhiteElo "2126"]
[BlackElo "1745"]
[WhiteFideId "1403109"]
[BlackFideId "1448250"]
[EventDate "2019.07.20"]

1. e4 c5 2. Nc3 Nc6 3. Bb5 Nd4 4. Bc4 e6 5. Nf3 Nf6 6. O-O a6 7. d3 b5 8. Bb3
Nxb3 9. axb3 Bb7 10. e5 Nd5 11. Ne4 f5 12. Bg5 Qc7 13. Nh4 g6 14. Nf6+ Nxf6 15.
Bxf6 Rg8 16. Qd2 Bg7 17. Bxg7 Rxg7 18. Qh6 Qxe5 19. Rfe1 Qxb2 20. d4 Qxd4 21.
Rad1 Qf6 22. Nxf5 Qxf5 23. Qxg7 O-O-O 24. Qxh7 Qg4 25. Qh3 Qxh3 26. gxh3 Rf8 27.
Re5 Rf5 28. Rxf5 exf5 29. Rd6 Be4 30. c3 f4 31. Rxa6 Kc7 32. f3 Kb7 33. Rf6 Bf5
34. h4 1-0

[Event "Xtracon Chess Open 2019"]
[Site "Helsingor DEN"]
[Date "2019.07.22"]
[Round "4.113"]
[White "Karlsson, Jorgen"]
[Black "Fuchs, Jochen"]
[Result "1-0"]
[WhiteElo "2114"]
[BlackElo "1742"]
[WhiteFideId "1711679"]
[BlackFideId "16243943"]
[EventDate "2019.07.20"]

1. d4 c5 2. d5 e5 3. e4 d6 4. Nc3 Be7 5. Nf3 Nf6 6. h3 O-O 7. Be3 a6 8. a4 Ne8
9. g4 g6 10. Bh6 Ng7 11. Rg1 Nd7 12. Bd3 Nf6 13. Nd2 Nfe8 14. Qf3 Bg5 15. Bxg5
Qxg5 16. Qg3 f5 17. exf5 gxf5 18. Nf3 Qe7 19. gxf5 Bxf5 20. Ng5 Kh8 21. O-O-O
Nh5 22. Qh4 Nf4 23. Bxf5 Rxf5 24. Qg4 Rf6 25. Rde1 Nc7 26. Nce4 Rg6 27. Nxd6 Qg7
28. Rxe5 Ncxd5 29. Ndf7+ Kg8 30. Qd7 Rf8 31. Re8 Qd4 32. Nh6+ 1-0

[Event "Xtracon Chess Open 2019"]
[Site "Helsingor DEN"]
[Date "2019.07.22"]
[Round "4.114"]
[White "Zemlicka, Vit"]
[Black "Norevall, Ulf"]
[Result "1-0"]
[WhiteElo "1982"]
[BlackElo "1739"]
[WhiteFideId "303143"]
[BlackFideId "1705555"]
[EventDate "2019.07.20"]

1. e4 c5 2. Nf3 Nc6 3. d4 cxd4 4. Nxd4 Nf6 5. Nc3 e5 6. Ndb5 d6 7. Bg5 a6 8. Na3
b5 9. Nd5 Be7 10. Bxf6 Bxf6 11. c4 b4 12. Nc2 Rb8 13. Qd3 O-O 14. g3 Bg5 15. h4
Bh6 16. Bh3 Bxh3 17. Rxh3 Qc8 18. g4 f6 19. Nce3 Bxe3 20. Nxe3 Nd4 21. Nf5 Nxf5
22. gxf5 Qc5 23. b3 Kf7 24. Rd1 Rfd8 25. Qd2 Rbc8 26. Rd3 Rc6 27. Ke2 a5 28. Rd5
Qb6 29. Rb5 Qd4 30. Qxd4 exd4 31. Rxa5 Re8 32. Rxd4 Rc5 33. Ra7+ Kf8 34. Kd3 g6
35. fxg6 hxg6 36. Rxd6 f5 37. Rf6+ Kg8 38. Rxg6+ Kh8 39. f3 fxe4+ 40. fxe4 Rd8+
41. Ke3 Rd3+ 42. Kxd3 Rd5+ 43. Ke3 Rd3+ 44. Kf4 Rf3+ 45. Ke5 Rf5+ 46. Kd6 Rd5+
47. Kc7 Rh5 48. Rd6 Rxh4 49. Kb6 1-0

[Event "Xtracon Chess Open 2019"]
[Site "Helsingor DEN"]
[Date "2019.07.22"]
[Round "4.115"]
[White "Sundin, Sven-Ingvar"]
[Black "Bremer, Erik"]
[Result "0-1"]
[WhiteElo "1632"]
[BlackElo "1444"]
[WhiteFideId "1724517"]
[BlackFideId "1411578"]
[EventDate "2019.07.20"]

1. e4 e5 2. Nf3 Nc6 3. Bb5 a6 4. Ba4 b5 5. Bb3 Nf6 6. O-O d6 7. d3 Be7 8. h3 O-O
9. c3 Re8 10. Re1 Nb8 11. Nbd2 Nbd7 12. Nf1 Bf8 13. Ng3 g6 14. Be3 Bg7 15. a4
Bb7 16. a5 c5 17. Bc2 Rc8 18. b4 cxb4 19. cxb4 d5 20. exd5 Nxd5 21. Qd2 Nxe3 22.
fxe3 e4 23. Nd4 exd3 24. Bxd3 Qh4 25. Qf2 Ne5 26. Bf1 Nc4 27. Rad1 Bh6 28. Nc2
Qe7 29. e4 Bg7 30. Rb1 Red8 31. Rb3 Nd2 32. Rd3 Rxc2 33. Rd1 Rxd3 34. Bxd3 Qxb4
35. Bxc2 Bd4 36. Rxd2 Qxd2 0-1

[Event "Xtracon Chess Open 2019"]
[Site "Helsingor DEN"]
[Date "2019.07.22"]
[Round "4.117"]
[White "Skjolingstad, Sverre"]
[Black "Tandrup, Michael"]
[Result "1/2-1/2"]
[WhiteElo "1754"]
[BlackElo "1962"]
[WhiteFideId "1519913"]
[BlackFideId "1408356"]
[EventDate "2019.07.20"]

1. e4 c5 2. Nf3 Nc6 3. d4 cxd4 4. Nxd4 e5 5. Nb5 d6 6. c4 a6 7. N5a3 f5 8. Nc3
Nf6 9. Bg5 Be7 10. Bxf6 Bxf6 11. g3 O-O 12. Bg2 Nd4 13. Nc2 Rb8 14. O-O Nxc2 15.
Qxc2 Be6 16. Nd5 Bxd5 1/2-1/2

[Event "Xtracon Chess Open 2019"]
[Site "Helsingor DEN"]
[Date "2019.07.22"]
[Round "4.119"]
[White "Khoo-Thwe, Louis"]
[Black "Green, Per"]
[Result "1-0"]
[WhiteElo "1746"]
[BlackElo "1959"]
[WhiteFideId "1538756"]
[BlackFideId "1703811"]
[EventDate "2019.07.20"]

1. e4 c5 2. Nf3 e6 3. d4 cxd4 4. Nxd4 Nc6 5. Nf3 Nf6 6. Nc3 Bb4 7. Bd3 d5 8.
exd5 Nxd5 9. Bd2 Nxc3 10. bxc3 Be7 11. O-O Bf6 12. Re1 Qd5 13. c4 Qh5 14. Rb1
O-O 15. Rb5 e5 16. h3 Rd8 17. Bc3 a6 18. Rc5 Re8 19. Bf1 Be6 20. g4 Bxg4 21.
hxg4 Qxg4+ 22. Bg2 e4 23. Bxf6 exf3 24. Rxe8+ Rxe8 25. Rg5 Qf4 26. Rxg7+ Kf8 27.
Bg5 Qe5 28. Bh6 Qe1+ 29. Qxe1 Rxe1+ 30. Bf1 Ne5 31. Kh2 Rxf1 32. Rg1+ Ke8 33.
Rxf1 Ng4+ 34. Kg3 Nxh6 35. Kxf3 Nf5 36. Ke4 Nd6+ 37. Kd5 Kd7 38. Rh1 Ne8 39. Ke5
b5 40. cxb5 axb5 41. Rxh7 Ke7 42. Rh6 Kd7 43. Kd5 Nc7+ 44. Kc5 Ne6+ 45. Rxe6 1-0

[Event "Xtracon Chess Open 2019"]
[Site "Helsingor DEN"]
[Date "2019.07.22"]
[Round "4.120"]
[White "Ramkilde, Mikael"]
[Black "Opseth, Oliver"]
[Result "0-1"]
[WhiteElo "1957"]
[BlackElo "1714"]
[WhiteFideId "1439391"]
[BlackFideId "1523813"]
[EventDate "2019.07.20"]

1. e4 c5 2. Nf3 Nc6 3. d4 cxd4 4. Nxd4 g6 5. Nc3 Bg7 6. Be3 Nf6 7. Bc4 d6 8. f3
Bd7 9. Qd2 Rc8 10. Nxc6 bxc6 11. Bh6 Bxh6 12. Qxh6 Qb6 13. Qd2 O-O 14. g4 d5 15.
Bb3 dxe4 16. g5 e3 17. Qg2 Nd5 18. O-O-O Nxc3 19. bxc3 Bf5 20. Qe2 Qc5 21. Kb2
Rb8 22. h4 a5 23. a4 Qe5 24. Rd4 c5 25. f4 Qc7 26. Rc4 Be6 27. h5 Bxc4 28. Qxc4
Qc6 29. Rh2 Qe6 30. Qd3 c4 0-1

[Event "Xtracon Chess Open 2019"]
[Site "Helsingor DEN"]
[Date "2019.07.22"]
[Round "4.121"]
[White "Poulsen, Knud"]
[Black "Rolvag, Birk Anders"]
[Result "0-1"]
[WhiteElo "1743"]
[BlackElo "1956"]
[WhiteFideId "1422324"]
[BlackFideId "1507753"]
[EventDate "2019.07.20"]

1. c4 e5 2. Nc3 Nc6 3. g3 g6 4. Bg2 Bg7 5. d3 Nge7 6. Nh3 O-O 7. O-O d6 8. f4 h6
9. Nf2 Be6 10. e4 f5 11. Nd5 Rb8 12. a4 Nd4 13. Be3 c6 14. Nc3 fxe4 15. fxe5
dxe5 16. Ncxe4 Nef5 17. Bd2 b6 18. b4 Nd6 19. Rb1 Nxe4 20. Bxe4 Bf5 21. Kg2 Qd7
22. Be3 Bxe4+ 23. dxe4 Qe6 24. Bxd4 exd4 25. Qd3 g5 26. Nh3 Rbe8 27. Rxf8+ Bxf8
28. Nf2 Bg7 29. h3 h5 30. c5 Kh8 31. cxb6 axb6 32. a5 bxa5 33. bxa5 Qa2 34. a6
Rf8 35. Rf1 g4 36. hxg4 hxg4 37. a7 Qxa7 38. Rh1+ Kg8 39. Nxg4 Qa2+ 40. Kg1 Rb8
41. Nf2 Rb1+ 42. Nd1 Qb3 43. Qxb3+ Rxb3 44. Kg2 c5 45. Nf2 c4 46. Ng4 d3 47. Rd1
Kf7 48. e5 Ke6 49. Kg1 Bxe5 50. Re1 Rb5 51. Re3 Kd6 52. Nf2 Rb1+ 53. Kg2 Rb2 54.
Rxd3+ cxd3 55. Kf3 Rxf2+ 56. Kxf2 Kd5 57. g4 Kc4 58. Ke1 Kc3 59. Kd1 Bf4 0-1

[Event "Xtracon Chess Open 2019"]
[Site "Helsingor DEN"]
[Date "2019.07.22"]
[Round "4.122"]
[White "Skovgaard, Tom"]
[Black "Horslund, Mikael"]
[Result "1-0"]
[WhiteElo "1954"]
[BlackElo "1716"]
[WhiteFideId "1406337"]
[BlackFideId "1421042"]
[EventDate "2019.07.20"]

1. e4 g6 2. d4 Bg7 3. c3 d6 4. f4 Nd7 5. e5 dxe5 6. fxe5 Nb6 7. Nf3 Bg4 8. h3
Be6 9. Na3 Qd5 10. Nb5 Qe4+ 11. Qe2 Qxe2+ 12. Bxe2 Kd8 13. O-O c6 14. Na3 h6 15.
Nh4 h5 16. Nc2 Nh6 17. Ne3 Nd5 18. Nxd5 cxd5 19. Bg5 a6 20. c4 Rc8 21. c5 Kd7
22. b4 Rhf8 23. Be3 Nf5 24. Nxf5 Bxf5 25. Bxh5 Bxh3 26. Bxg6 Bxg2 27. e6+ Kc6
28. Rxf7 Rxf7 29. exf7 Bh3 30. a4 Rh8 31. Kf2 Be6 32. Rf1 Rh2+ 33. Ke1 Bf8 34.
Bd3 Rh3 35. Kd2 Rh2+ 36. Kc3 Rh3 37. Kd2 Rh2+ 38. Kc3 Rh3 39. Bg5 Rg3 40. Bf4
Rh3 41. Be5 Kd7 42. b5 a5 43. Rf2 Bg4 44. Kc2 Rh1 45. c6+ bxc6 46. b6 1-0

[Event "Xtracon Chess Open 2019"]
[Site "Helsingor DEN"]
[Date "2019.07.22"]
[Round "4.123"]
[White "Christiansen, Torsten Sundgaar"]
[Black "Christensen, Jacob Foged"]
[Result "1/2-1/2"]
[WhiteElo "1742"]
[BlackElo "1937"]
[WhiteFideId "1419714"]
[BlackFideId "1439073"]
[EventDate "2019.07.20"]

1. d4 Nf6 2. e3 g6 3. Bd3 Bg7 4. Nd2 O-O 5. f4 d6 6. Ngf3 Nbd7 7. O-O Qe8 8. e4
e5 9. dxe5 dxe5 10. f5 Nc5 11. Qe2 Nxd3 12. cxd3 gxf5 13. exf5 Bxf5 14. Ng5 Bg6
15. Nde4 Nxe4 16. Nxe4 f6 17. Bd2 b6 18. Rac1 Qd7 19. h4 Rad8 20. Rc3 c5 21. h5
Bxe4 22. Qxe4 Qd4+ 23. Be3 Qxe4 24. dxe4 Rd7 25. h6 Bh8 26. Rf5 Rfd8 27. Kf2 Kf7
28. g4 Ke6 29. b4 Rd3 30. Rxd3 Rxd3 31. bxc5 bxc5 32. Bxc5 Rd2+ 33. Kg3 Rxa2 34.
g5 fxg5 35. Rxg5 a5 36. Rg8 Bf6 37. Ra8 Kf7 38. Ra7+ Kg6 39. Ra6 Kg5 40. Be3+
Kg6 41. Bc5 Kg5 42. Be3+ Kg6 1/2-1/2

[Event "Xtracon Chess Open 2019"]
[Site "Helsingor DEN"]
[Date "2019.07.22"]
[Round "4.124"]
[White "Nielsen, Aage Sondergaard"]
[Black "Weber, Andreas"]
[Result "0-1"]
[WhiteElo "1936"]
[BlackElo "1704"]
[WhiteFideId "1409859"]
[BlackFideId "24652504"]
[EventDate "2019.07.20"]

1. c4 g6 2. e4 Bg7 3. d4 d6 4. Nc3 Nf6 5. f3 c6 6. Be3 Nbd7 7. Bd3 e5 8. d5 c5
9. Qd2 h5 10. h4 a6 11. Nh3 Nf8 12. Nf2 Bd7 13. Bc2 Qa5 14. O-O Qd8 15. g3 N6h7
16. Kg2 Qe7 17. a3 Bf6 18. Rh1 Bg7 19. b4 b6 20. bxc5 bxc5 21. Rab1 Bc8 22. Bd1
Nd7 23. Bc2 O-O 24. Bh6 f5 25. exf5 gxf5 26. Bxg7 Qxg7 27. Rbg1 Nb6 28. Qd3 e4
29. fxe4 f4 30. Kf1 f3 31. g4 Qd4 32. gxh5+ Kh8 33. e5 Qxc4 34. e6 Bb7 35. Rg4
Qxd3+ 36. Bxd3 Nxd5 37. Nxd5 Bxd5 38. Be4 Rab8 39. Kg1 Bxe6 40. Rg6 Rbe8 41. Bc6
Re7 42. Kh2 Bc4 43. Rxd6 Re2 44. Kg3 Nf6 45. Bxf3 Rxf2 46. Rxf6 Rxf6 47. Kxf2
Rxf3+ 48. Kxf3 Bd5+ 49. Ke3 Bxh1 50. Kd3 Bd5 51. Ke3 Kh7 0-1